| 000 | 00571nam a22001577a 4500 | ||
|---|---|---|---|
| 005 | 20160216055346.0 | ||
| 008 | 070726s2007 nyua 001 0 eng d | ||
| 020 | _a9780072259605 | ||
| 041 | 0 | _aeng | |
| 080 | _a004 | ||
| 245 | 1 | 0 |
_aOracle JDeveloper 10g for forms & PL/SQL developers / _cPeter Koletzke, Duncan Mills. |
| 246 | 1 | 4 |
_aOracle JDeveloper 10g for forms & PL/SQL developers : _ba guide to J2ee development with Oracle ADF |
| 246 | 3 | _aOracle JDeveloper 10g for forms and PL/SQL developers | |
| 246 | 3 | _aGuide to J2ee development with Oracle ADF | |
| 942 |
_2udc _cBK |
||
| 999 |
_c692 _d692 |
||